| 000 | 00569nam a2200205Ia 4500 | ||
|---|---|---|---|
| 005 | 20250508151128.0 | ||
| 008 | 008 250505s9999 xx 000 0 hin d | ||
| 037 | _aTextual | ||
| 040 |
_aFEDL _beng _cFEDL |
||
| 041 |
_ahin _2hin |
||
| 084 |
_a330, SAX _qFEDL |
||
| 100 |
_aSaxsena Ram Narayan _9758473 |
||
| 245 | 0 | _aArthshastra ke sinddhant, Part 1 | |
| 260 |
_aCalcutta, India _bHari Shankar Chatterjee |
||
| 300 | _a341p | ||
| 650 | _aEconomics | ||
| 700 |
_a Gupta Ragu Raj _9758474 |
||
| 942 |
_cTEXL _h330, SAX |
||
| 999 |
_c1327757 _d1327757 |
||